| 000 | 01505cam a2200409 i 4500 | ||
|---|---|---|---|
| 999 |
_c535549 _d535549 |
||
| 001 | 18033571 | ||
| 003 | NUST | ||
| 005 | 20200916142951.0 | ||
| 008 | 140206t20142014flua b 001 0 eng | ||
| 010 | _a 2014001335 | ||
| 020 | _a9781482206173 (paperback) | ||
| 020 | _a148220617X (paperback) | ||
| 038 | _aMSOHAIL | ||
| 040 |
_aDLC _beng _cDLC _erda _dDLC |
||
| 042 | _apcc | ||
| 050 | 0 | 0 |
_aTA715 _b.A85 2014 |
| 082 | 0 | 0 |
_a624.15 _223 _bATK |
| 084 |
_aTEC009020 _aTEC009150 _2bisacsh |
||
| 100 | 1 |
_aAtkinson, John, _d1942- _930176 |
|
| 245 | 1 | 0 |
_aFundamentals of ground engineering / _cJohn Atkinson. |
| 264 | 1 |
_aBoca Raton : _bCRC Press, Taylor & Francis Group, _c[2014] |
|
| 264 | 4 | _c©2014 | |
| 300 |
_axxii, 220 pages : _billustrations ; _c28 cm |
||
| 336 |
_atext _2rdacontent |
||
| 337 |
_aunmediated _2rdamedia |
||
| 338 |
_avolume _2rdacarrier |
||
| 500 | _a"A SPON Press book." | ||
| 504 | _aIncludes bibliographical references and index. | ||
| 650 | 0 |
_aEarthwork. _919708 |
|
| 650 | 0 |
_aSoil mechanics. _930177 |
|
| 650 | 7 |
_aTECHNOLOGY & ENGINEERING / Civil / General. _2bisacsh _96298 |
|
| 650 | 7 |
_aTECHNOLOGY & ENGINEERING / Civil / Soil & Rock. _2bisacsh _926049 |
|
| 856 | 4 | 2 |
_3Cover image _uhttp://images.tandf.co.uk/common/jackets/websmall/978148220/9781482206173.jpg |
| 906 |
_a7 _bcbc _corignew _d1 _eecip _f20 _gy-gencatlg |
||
| 942 |
_2ddc _cBK |
||